Portales y Rosas: contrapunto de hombres y políticas

Guardat en:
Dades bibliogràfiques
Autor principal: Guerra Baeza, Hugo (Autor)
Format: Llibre
Idioma:espanyol
Publicat: Santiago Del Pacífico S. A 1958
Edició:1a. ed
Col·lecció:Colección Vidas
Matèries:
Etiquetes: Afegir etiqueta
Sense etiquetes, Sigues el primer a etiquetar aquest registre!

MARC

LEADER 00000cam a2200000 a 4500
001 UCE4646
003 CL-VaPUC
008 141107e19580000cl |||||||||||||||||spa|d
082 0 4 |a 983.044  |b GUE  |2 21 
100 0 |a Guerra Baeza, Hugo  |e author  |9 577206 
245 1 0 |a Portales y Rosas: contrapunto de hombres y políticas 
250 |a 1a. ed 
300 |a 253 p 
942 |c BK 
945 |d 20141107 12:15:00  |a dcastane 
260 |a Santiago  |b Del Pacífico S. A  |c 1958 
600 0 |a Portales y Palazuelos, Diego   |9 436961 
600 0 |a Rosas, Juan Manuel de   |9 438178 
650 0 |a Historia de Chile  |9 265473 
650 0 |a Biografías  |9 255210 
583 |a last modification  |c 20141107 12:15:00  |k Rodrigo Vera 
490 0 |a Colección Vidas 
999 |c 357526  |d 357524 
952 |0 0  |1 0  |3 erb  |4 0  |6 983_044000000000000_GUE_1958  |7 0  |8 X  |9 465550  |a FDOBUD  |b FDOBUD  |i 5106664  |o 983.044 GUE 1958  |p 5106664  |r 2019-11-23  |w 2019-11-23  |y BK_X  |z Catalogado en:20141107  |k BUD